Welcome to CU Library Online Public Access Catalogue (OPAC)

Salters Advanced Chemistry/ (Record no. 1631)

MARC details
000 -LEADER
fixed length control field 00479nam a22001577a 4500
005 - DATE AND TIME OF LATEST TRANSACTION
control field 20241127150821.0
008 - FIXED-LENGTH DATA ELEMENTS--GENERAL INFORMATION
fixed length control field 241127b |||||||| |||| 00| 0 eng d
020 ## - INTERNATIONAL STANDARD BOOK NUMBER
International Standard Book Number 9780435631208
050 ## - LIBRARY OF CONGRESS CALL NUMBER
Classification number QD31.2 SAL
245 ## - TITLE STATEMENT
Title Salters Advanced Chemistry/
Remainder of title Chemical Ideas
Statement of responsibility, etc. George Burton, et all,
250 ## - EDITION STATEMENT
Edition statement 2nd ed.
260 ## - PUBLICATION, DISTRIBUTION, ETC.
Place of publication, distribution, etc. Halley Court
Name of publisher, distributor, etc. Heinemann Educational Publishers
Date of publication, distribution, etc. 2000
300 ## - PHYSICAL DESCRIPTION
Extent 392p.
Other physical details ill.
Dimensions 26.5cm
700 ## - ADDED ENTRY--PERSONAL NAME
Personal name Burton George, Et all
942 ## - ADDED ENTRY ELEMENTS (KOHA)
Source of classification or shelving scheme Library of Congress Classification
Koha item type Books
Edition 2nd ed.
Suppress in OPAC No
999 ## -
-- 1631
-- 1631
Holdings
Withdrawn status Lost status Source of classification or shelving scheme Damaged status Not for loan Collection Home library Current library Shelving location Date acquired Total checkouts Full call number Barcode Date last seen Copy number Price effective from Koha item type
    Library of Congress Classification     Non-fiction Science Library (Miotso) Science Library (Miotso) General stacks 11/27/2024   QD31.2 SAL SLM00000936 11/27/2024 1 11/27/2024 Books
    Library of Congress Classification     Non-fiction Science Library (Miotso) Science Library (Miotso) General stacks 11/27/2024   QD31.2 SAL SLM00000937 11/27/2024 2 11/27/2024 Books
    Library of Congress Classification     Non-fiction Science Library (Miotso) Science Library (Miotso) General stacks 11/27/2024   QD31.2 SAL SLM00000938 11/27/2024 3 11/27/2024 Books
    Library of Congress Classification     Non-fiction Science Library (Miotso) Science Library (Miotso) General stacks 11/29/2024   QD31.2 SAL SLM00000964 11/29/2024 4 11/29/2024 Books
© 2023-2024 Copyright: Central University Libraries. All Rights Reserved | Created by: Mahone Tech Office